[Event "DEM U18 2011"]
[Site "Oberhof GER"]
[Date "2011.06.12"]
[Round "2"]
[White "Bluma, Marcel"]
[Black "Dünzel, Jonas"]
[Result "1/2-1/2"]
[Termination "normal"]
[Board "10"]
[WhiteElo "2099"]
[BlackElo "2091"]
[PlyCount "187"]
[WhiteFideId "1270526"]
[BlackFideId "24631167"]
[EventCountry "GER"]
[EventRounds "9"]
[EventType "swiss"]
[EventDate "2011.06.11"]

1. e4 c5 2. Nf3 d6 3. d4 cxd4 4. Nxd4 Nf6 5. Nc3 a6 6. Be2 e5 7. Nb3 Be7 8. Bg5
Nbd7 9. a4 b6 10. O-O Bb7 11. Nd2 O-O 12. Bc4 Rc8 13. Bb3 Nc5 14. Bxf6 Bxf6 15.
Nc4 Bxe4 16. Nxd6 Nxb3 17. cxb3 Bc2 18. Qxc2 Qxd6 19. Qe2 a5 20. Qf3 Qe6 21.
Nd5 Rc2 22. Rac1 Rxb2 23. Rc6 Qxc6 24. Ne7+ Bxe7 25. Qxc6 Bc5 26. Qe4 Bd4 27.
h4 Re8 28. Qd3 Kf8 29. Kh1 Rxf2 30. Rxf2 Bxf2 31. Qf5 Bxh4 32. Qxh7 Bf6 33. Qe4
g6 34. g4 Re6 35. b4 axb4 36. Qxb4+ Be7 37. Qe4 Bc5 38. a5 bxa5 39. Qa8+ Kg7
40. Qxa5 Bd4 41. Qd5 Rf6 42. Kg2 Re6 43. Qe4 Bc3 44. Qe3 Bb4 45. Qe4 Be7 46.
Kh3 Bg5 47. Qd5 Bf4 48. Qe4 g5 49. Kg2 Rd6 50. Qc4 Rd4 51. Qc5 Re4 52. Kf3 Re3+
53. Kg2 Rg3+ 54. Kh1 Rd3 55. Qb5 Rd2 56. Qc4 Rd4 57. Qc5 Rd8 58. Kg2 e4 59. Qc4
e3 60. Qc3+ Kg6 61. Kf3 Re8 62. Qc6+ Re6 63. Qc2+ Kg7 64. Qc3+ Re5 65. Ke2 Kg6
66. Qd3+ Kg7 67. Qc3 Kf8 68. Qc8+ Ke7 69. Qc7+ Ke6 70. Qc6+ Ke7 71. Qc7+ Kf8
72. Qc8+ Re8 73. Qc5+ Kg8 74. Qc6 Rd8 75. Kf3 Rd2 76. Qa8+ Kh7 77. Qa7 Kg6 78.
Qa6+ f6 79. Qc8 Kf7 80. Qb7+ Ke6 81. Qc6+ Ke7 82. Qb7+ Kd6 83. Qb6+ Ke5 84.
Qc5+ Rd5 85. Qc3+ Ke6 86. Qc6+ Rd6 87. Qe8+ Kd5 88. Qb5+ Kd4 89. Qb4+ Kd3 90.
Qb3+ Kd2 91. Qb2+ Kd3 92. Qb3+ Kd4 93. Qb4+ Kd5 94. Qb5+ 1/2-1/2

[Event "DEM U18 2011"]
[Site "Oberhof GER"]
[Date "2011.06.12"]
[Round "2"]
[White "Cremer, Jan Paul"]
[Black "Müller, Tobias"]
[Result "1/2-1/2"]
[Termination "normal"]
[Board "11"]
[WhiteElo "2026"]
[BlackElo "2118"]
[PlyCount "199"]
[WhiteFideId "24686115"]
[BlackFideId "24643394"]
[EventCountry "GER"]
[EventRounds "9"]
[EventType "swiss"]
[EventDate "2011.06.11"]

1. e4 c5 2. Nf3 d6 3. d4 cxd4 4. Nxd4 Nf6 5. Nc3 g6 6. Be3 Bg7 7. f3 Nc6 8. Qd2
O-O 9. O-O-O d5 10. Kb1 Nxd4 11. e5 Nf5 12. exf6 exf6 13. Bc5 d4 14. Bxf8 Qxf8
15. Nb5 Ne3 16. Re1 f5 17. f4 Qc5 18. c3 Nxf1 19. Re8+ Bf8 20. Qxd4 Qxb5 21.
Qd8 Nd2+ 22. Kc2 Qa4+ 23. Kc1 Qxe8 24. Qxe8 Ne4 25. Rd1 Nf6 26. Qe5 Nd7 27. Qe8
Nf6 28. Qd8 Kg7 29. Qc7 Be6 30. Qxb7 Rc8 31. Qxa7 Bc5 32. Qb7 Be3+ 33. Kb1 Bxf4
34. g3 Be5 35. Qb5 Bc7 36. Qb4 Ne4 37. Qe7 Ba5 38. Rc1 Bd8 39. Qb4 Bf6 40. Ka1
Rc4 41. Qb5 Rc8 42. Qe2 Bc4 43. Qe3 Ra8 44. a3 Rd8 45. Qe1 Rd2 46. h4 Rg2 47.
Qh1 Rxg3 48. h5 h6 49. Rg1 Rd3 50. hxg6 fxg6 51. Qh2 Rd7 52. Qf4 Bg5 53. Qe5+
Kh7 54. Qe8 Re7 55. Qc6 Bf7 56. Rd1 Nf2 57. Rg1 Nh3 58. Rd1 f4 59. c4 Be8 60.
Qg2 Re3 61. Rh1 Bd7 62. Rd1 Bf5 63. Qd5 Re7 64. c5 Nf2 65. Rf1 Nd3 66. Rd1 Rd7
67. Qc6 Re7 68. Qd6 Nb4 69. c6 Nc2+ 70. Ka2 f3 71. Rf1 Ne1 72. c7 Kg7 73. Qd5
Bc8 74. Qd8 Be6+ 75. b3 Bf5 76. c8=Q Re2+ 77. Ka1 Nc2+ 78. Kb2 Ne3+ 79. Kc1
Bxc8 80. Qc7+ Kf6 81. Rxf3+ Bf5 82. Qd6+ Kf7 83. Qc7+ Be7 84. Rxe3 Rxe3 85.
Qc4+ Re6 86. a4 Kg7 87. Kd2 h5 88. a5 Rd6+ 89. Ke1 h4 90. a6 h3 91. a7 Rd8 92.
Qc6 Bh4+ 93. Ke2 Bg4+ 94. Ke3 Bg5+ 95. Kf2 Bh4+ 96. Ke3 Bg5+ 97. Kf2 Bf4 98.
a8=Q Rd2+ 99. Ke1 Rd1+ 100. Kf2 1/2-1/2

[Event "DEM U18 2011"]
[Site "Oberhof GER"]
[Date "2011.06.12"]
[Round "2"]
[White "Frank, Christian"]
[Black "Wittke, Rene"]
[Result "0-1"]
[Termination "normal"]
[Board "12"]
[WhiteElo "2043"]
[BlackElo "2033"]
[PlyCount "36"]
[WhiteFideId "24658324"]
[BlackFideId "24640255"]
[EventCountry "GER"]
[EventRounds "9"]
[EventType "swiss"]
[EventDate "2011.06.11"]

1. d4 d5 2. c4 e6 3. Nc3 c6 4. Nf3 dxc4 5. a4 Bb4 6. Ne5 b5 7. e3 Nf6 8. Rb1
O-O 9. Bd2 a6 10. Qf3 Nd5 11. Be2 Bb7 12. Qg3 Bd6 13. f4 Nd7 14. O-O f6 15. Ng4
Qb6 16. e4 Qxd4+ 17. Be3 Nxe3 18. Nxe3 Qxe3+ 0-1

[Event "DEM U18 2011"]
[Site "Oberhof GER"]
[Date "2011.06.12"]
[Round "2"]
[White "Künstler, Christian"]
[Black "Wendling, Florian"]
[Result "1/2-1/2"]
[Termination "normal"]
[Board "13"]
[WhiteElo "2060"]
[BlackElo "1966"]
[PlyCount "35"]
[WhiteFideId "24602361"]
[BlackFideId "24640212"]
[EventCountry "GER"]
[EventRounds "9"]
[EventType "swiss"]
[EventDate "2011.06.11"]

1. d4 d5 2. c4 c6 3. e3 Nf6 4. Nc3 e6 5. Nf3 Be7 6. g4 h6 7. Rg1 Qc7 8. Qc2
Nbd7 9. h4 dxc4 10. g5 hxg5 11. hxg5 Nd5 12. Bxc4 b5 13. Be2 Nb4 14. Qb3 a5 15.
a3 a4 16. Qd1 Nd5 17. Bd2 Bb7 18. Nxd5 1/2-1/2

[Event "DEM U18 2011"]
[Site "Oberhof GER"]
[Date "2011.06.12"]
[Round "2"]
[White "Theurich, Joel"]
[Black "Hahn, Markus"]
[Result "1/2-1/2"]
[Termination "normal"]
[Board "14"]
[WhiteElo "1511"]
[BlackElo "2108"]
[PlyCount "171"]
[WhiteFideId "12930393"]
[BlackFideId "24654647"]
[EventCountry "GER"]
[EventRounds "9"]
[EventType "swiss"]
[EventDate "2011.06.11"]

1. e4 c5 2. Nf3 e6 3. Nc3 a6 4. a4 b6 5. d4 cxd4 6. Nxd4 Qc7 7. Be2 Bb7 8. Bf3
d6 9. O-O Nd7 10. Re1 Be7 11. Be3 Ngf6 12. Nb3 O-O 13. Bf4 Rfd8 14. Qe2 Rac8
15. Nd2 Bf8 16. Rad1 Ne5 17. Rc1 Qb8 18. Qe3 Ba8 19. h3 Bc6 20. Red1 Qb7 21.
Be2 b5 22. axb5 axb5 23. f3 Nfd7 24. Nb3 Nc4 25. Bxc4 bxc4 26. Na5 Qb4 27. Nxc6
Rxc6 28. Rb1 Rb8 29. Qc1 Be7 30. Bd2 Qb7 31. Kh1 Nf6 32. b3 Qc7 33. bxc4 Rxb1
34. Qxb1 Rxc4 35. Qb3 Nh5 36. Rb1 h6 37. Qb8+ Qxb8 38. Rxb8+ Kh7 39. Rb3 Bh4
40. Kg1 Bg3 41. Kf1 Nf6 42. Ke2 Be5 43. Kd1 Rc6 44. Ne2 g5 45. Bc3 Bxc3 46.
Rxc3 Ra6 47. Ke1 Kg6 48. Kf2 h5 49. Kg3 h4+ 50. Kf2 Nd7 51. g3 Nc5 52. gxh4
gxh4 53. Rc4 Ra2 54. e5 Nb7 55. Rb4 Ra7 56. exd6 Nxd6 57. Rxh4 Ra2 58. Rd4 Nf5
59. Rc4 Kf6 60. Rc7 Ra4 61. Rc3 Ne7 62. Ng3 Nd5 63. Rc5 Ke7 64. Ne4 Ra2 65. Kg3
Kd7 66. h4 Ne3 67. h5 Nf5+ 68. Kf4 Ra8 69. Rb5 Ke7 70. Rb7+ Kf8 71. c3 Kg7 72.
Ng5 Ra4+ 73. Rb4 Ra5 74. Rb7 Nh6 75. Nxe6+ Kf6 76. Nd4 Rxh5 77. Ke3 Nf5+ 78.
Nxf5 Rxf5 79. f4 Ke6 80. Ke4 Rc5 81. Kd4 Rd5+ 82. Ke4 Rc5 83. Rb3 Rc4+ 84. Kf3
Kf5 85. Rb5+ Kf6 86. Rb6+ 1/2-1/2

[Event "DEM U18 2011"]
[Site "Oberhof GER"]
[Date "2011.06.12"]
[Round "2"]
[White "Müller, Richard"]
[Black "Gruber, Roland"]
[Result "0-1"]
[Termination "normal"]
[Board "15"]
[WhiteElo "2032"]
[BlackElo "1882"]
[PlyCount "93"]
[WhiteFideId "24647128"]
[BlackFideId "1270975"]
[EventCountry "GER"]
[EventRounds "9"]
[EventType "swiss"]
[EventDate "2011.06.11"]

1. d4 Nf6 2. c4 g6 3. Nc3 Bg7 4. e4 d6 5. f3 O-O 6. Be3 a6 7. Nge2 Nbd7 8. Qd2
c5 9. d5 Ne5 10. Ng3 Qa5 11. h3 b5 12. cxb5 axb5 13. Nxb5 Qb6 14. Be2 Ba6 15.
a4 h5 16. O-O Rfc8 17. Kh2 Ned7 18. Bc4 Ne5 19. b3 Nfd7 20. Ra2 Qb7 21. Qc2 Nb6
22. f4 Nexc4 23. bxc4 Bxb5 24. cxb5 Bd4 25. Rf3 Bxe3 26. Rxe3 Ra5 27. f5 h4 28.
Ne2 gxf5 29. Nc3 Kf8 30. Rf3 Nc4 31. Qf2 Ne5 32. Rxf5 Ke8 33. Qxh4 c4 34. Raf2
Qb6 35. Qh6 Qd4 36. Qd2 Qc5 37. Rh5 Kd7 38. Qe2 Qd4 39. Qd2 Qc5 40. Rh7 Raa8
41. Rf5 Rg8 42. Qf2 Qa3 43. Qd4 Qb2 44. Rf2 Qc1 45. Rh5 Rxg2+ 46. Rxg2 Nf3+ 47.
Kg3 0-1

[Event "DEM U18 2011"]
[Site "Oberhof GER"]
[Date "2011.06.13"]
[Round "3"]
[White "Blübaum, Matthias"]
[Black "Donchenko, Alexander"]
[Result "1-0"]
[Termination "normal"]
[Board "2"]
[WhiteTitle "FM"]
[WhiteElo "2300"]
[BlackElo "2239"]
[PlyCount "113"]
[WhiteFideId "24651516"]
[BlackFideId "24603295"]
[EventCountry "GER"]
[EventRounds "9"]
[EventType "swiss"]
[EventDate "2011.06.11"]

1. d4 d5 2. c4 dxc4 3. e4 e5 4. Nf3 exd4 5. Bxc4 Nc6 6. O-O Be6 7. Bb5 Bc5 8.
b4 Bb6 9. a4 a6 10. Bxc6+ bxc6 11. a5 Ba7 12. Bb2 Nf6 13. Bxd4 Nxe4 14. Bxa7
Qxd1 15. Rxd1 Rxa7 16. Nd4 Bd5 17. f3 Nf6 18. Nc3 O-O 19. Rab1 Re8 20. Kf2 Kf8
21. Rdc1 Nd7 22. Na4 Ne5 23. Nc5 g6 24. Re1 f6 25. h3 g5 26. g3 Kf7 27. f4 gxf4
28. gxf4 Nc4 29. Rxe8 Kxe8 30. Rg1 Nd6 31. Rg7 h6 32. Kg1 Ra8 33. Nde6 Bxe6 34.
Nxe6 Rc8 35. Nxc7+ Kf8 36. Ne6+ Ke8 37. Kg2 Nf5 38. Rg8+ Kd7 39. Nc5+ Kc7 40.
Nxa6+ Kb7 41. Nc5+ Kc7 42. Rxc8+ Kxc8 43. Kf3 Kc7 44. Kg4 Ng7 45. f5 h5+ 46.
Kh4 Kc8 47. Ne6 Nxf5+ 48. Kxh5 Ne7 49. Nf4 Kb7 50. Kg4 Ka6 51. h4 Kb5 52. h5
Ng8 53. Kf5 c5 54. a6 Kxa6 55. bxc5 Kb5 56. Nd3 Kc6 57. Kg6 1-0

[Event "DEM U18 2011"]
[Site "Oberhof GER"]
[Date "2011.06.13"]
[Round "3"]
[White "Petermann, Michail"]
[Black "Bräuer, Franz"]
[Result "1-0"]
[Termination "normal"]
[Board "3"]
[WhiteElo "2134"]
[BlackElo "2084"]
[PlyCount "107"]
[WhiteFideId "24643530"]
[BlackFideId "24634468"]
[EventCountry "GER"]
[EventRounds "9"]
[EventType "swiss"]
[EventDate "2011.06.11"]

1. e4 e5 2. Nf3 Nc6 3. Bb5 a6 4. Ba4 Nf6 5. d4 exd4 6. O-O Be7 7. Re1 O-O 8. e5
Nd5 9. Nxd4 Nxd4 10. Qxd4 Nb6 11. Bb3 d5 12. exd6 Bxd6 13. Bf4 Qh4 14. g3 Qg4
15. h3 Qg6 16. Bxd6 Qxd6 17. Qxd6 cxd6 18. Re7 d5 19. Nc3 Bxh3 20. Rxb7 Rfb8
21. Rc7 Rc8 22. Rxc8+ Rxc8 23. Rd1 Be6 24. Nxd5 Nxd5 25. Bxd5 Rxc2 26. Bb3 Rc8
27. Bxe6 fxe6 28. Rd6 Rc2 29. Rxe6 Rxb2 30. Rxa6 Kf7 31. Ra4 g5 32. Kg2 Kg6 33.
Kf3 h5 34. Ra6+ Kf5 35. Ra5+ Kg6 36. a4 Ra2 37. Ra8 h4 38. Kg2 Kh5 39. a5 Kg4
40. gxh4 gxh4 41. a6 h3+ 42. Kg1 Ra1+ 43. Kh2 Ra2 44. a7 Rxf2+ 45. Kg1 h2+ 46.
Kxf2 h1=Q 47. Rg8+ Kf5 48. a8=Q Qh2+ 49. Qg2 Qh4+ 50. Rg3 Qd4+ 51. Re3 Qd2+ 52.
Kf1 Qd1+ 53. Re1 Qd3+ 54. Kg1 1-0

[Event "DEM U18 2011"]
[Site "Oberhof GER"]
[Date "2011.06.13"]
[Round "3"]
[White "Frischmann, Rick"]
[Black "Marx, Joschka"]
[Result "1-0"]
[Termination "normal"]
[Board "4"]
[WhiteElo "1936"]
[BlackElo "2035"]
[PlyCount "119"]
[WhiteFideId "24660752"]
[BlackFideId "24645869"]
[EventCountry "GER"]
[EventRounds "9"]
[EventType "swiss"]
[EventDate "2011.06.11"]

1. e4 c6 2. d4 g6 3. Bd3 Bg7 4. c3 d5 5. Nd2 dxe4 6. Nxe4 Nd7 7. Qe2 Ndf6 8.
Ng3 Qd6 9. Nf3 Bg4 10. h3 Bxf3 11. Qxf3 Qd5 12. Qxd5 Nxd5 13. O-O Ngf6 14. Bd2
O-O 15. Rfe1 e6 16. Rad1 Rac8 17. f3 Rfd8 18. Kf2 Nb6 19. Bc1 c5 20. dxc5 Rxc5
21. Bc2 Rcd5 22. Rxd5 Rxd5 23. Rd1 Kf8 24. Nf1 Rxd1 25. Bxd1 Nfd5 26. Ke2 Be5
27. g3 h5 28. h4 Ke7 29. Kd3 Nd7 30. a3 Bd6 31. Be2 e5 32. c4 N5f6 33. b4 b6
34. Be3 a5 35. c5 bxc5 36. bxa5 Nd5 37. Bf2 Kd8 38. Kc4 Nc7 39. Nd2 f5 40. Nb3
e4 41. fxe4 fxe4 42. Nd2 e3 43. Bxe3 Bxg3 44. Bg5+ Kc8 45. Nf3 Ne6 46. Be3 Nf4
47. Bf1 Kc7 48. Kb5 Kb7 49. Bc4 Ng2 50. Bg5 Ne1 51. Bd5+ Ka7 52. Nxe1 Bxe1 53.
Bd8 Bf2 54. a4 Kb8 55. a6 Ka7 56. a5 c4 57. Bxc4 Be3 58. Be6 Nf8 59. Bb6+ Bxb6
60. axb6+ 1-0

[Event "DEM U18 2011"]
[Site "Oberhof GER"]
[Date "2011.06.13"]
[Round "3"]
[White "Kotainy, Jens"]
[Black "Wenninger, Philipp"]
[Result "1-0"]
[Termination "normal"]
[Board "5"]
[WhiteTitle "FM"]
[WhiteElo "2415"]
[BlackElo "2130"]
[PlyCount "69"]
[WhiteFideId "24670499"]
[BlackFideId "4648404"]
[EventCountry "GER"]
[EventRounds "9"]
[EventType "swiss"]
[EventDate "2011.06.11"]

1. e4 c6 2. d4 d5 3. e5 Bf5 4. Nf3 e6 5. Be2 Nd7 6. O-O Ne7 7. Nh4 Bg6 8. Nd2
Nf5 9. Nxg6 hxg6 10. Nf3 Rc8 11. c3 Be7 12. g3 c5 13. Qa4 cxd4 14. cxd4 a6 15.
h4 Rc6 16. Bf4 Qb6 17. Rac1 Nb8 18. b4 g5 19. hxg5 Nxd4 20. Nxd4 Qxd4 21. Bxa6
Qe4 22. f3 Qh7 23. Kf2 Qh2+ 24. Ke3 Bxb4 25. Qxb4 Nxa6 26. Qxb7 d4+ 27. Kxd4
Rxc1 28. Rxc1 O-O 29. Qxa6 Qb2+ 30. Ke4 Rd8 31. Qc4 Rd5 32. g6 f5+ 33. exf6 Rd8
34. Qxe6+ Kf8 35. Qf7# 1-0

[Event "DEM U18 2011"]
[Site "Oberhof GER"]
[Date "2011.06.13"]
[Round "3"]
[White "Grünter, Martin"]
[Black "Kartsev, Alexandr"]
[Result "1/2-1/2"]
[Termination "normal"]
[Board "7"]
[WhiteElo "2239"]
[BlackElo "2184"]
[PlyCount "57"]
[WhiteFideId "24640352"]
[BlackFideId "24647110"]
[EventCountry "GER"]
[EventRounds "9"]
[EventType "swiss"]
[EventDate "2011.06.11"]

1. e4 c6 2. d4 d5 3. exd5 cxd5 4. Bd3 Nc6 5. c3 Nf6 6. Bf4 Bg4 7. Qb3 Qc8 8.
Nd2 e6 9. Ngf3 Be7 10. Ne5 Bh5 11. O-O O-O 12. Rae1 a6 13. Bg5 Nd7 14. Bxe7
Nxe7 15. f4 f6 16. Nef3 Bf7 17. a4 Rb8 18. Nb1 Qc7 19. Na3 Rfd8 20. g3 Nf8 21.
Ra1 Nc6 22. Rfe1 Re8 23. Nc2 Na5 24. Qb4 Bh5 25. Kg2 Nc6 26. Qb3 Na5 27. Qb4
Nc6 28. Qb3 Na5 29. Qb4 1/2-1/2

[Event "DEM U18 2011"]
[Site "Oberhof GER"]
[Date "2011.06.13"]
[Round "3"]
[White "Kugler, Florian"]
[Black "Jäger, Tobias"]
[Result "1-0"]
[Termination "normal"]
[Board "8"]
[WhiteElo "2210"]
[BlackElo "2059"]
[PlyCount "89"]
[WhiteFideId "4633300"]
[BlackFideId "12902691"]
[EventCountry "GER"]
[EventRounds "9"]
[EventType "swiss"]
[EventDate "2011.06.11"]

1. Nf3 Nf6 2. g3 g6 3. b3 Bg7 4. Bb2 O-O 5. Bg2 c5 6. c4 Nc6 7. O-O d6 8. e3
Bg4 9. h3 Bf5 10. d3 e5 11. Nc3 h6 12. Qe2 Qd7 13. Kh2 Be6 14. Rac1 Ne8 15.
Rfe1 Nc7 16. Ng1 Rae8 17. Ba1 f5 18. Nd5 g5 19. Qd2 Bf7 20. Nxc7 Qxc7 21. Ne2
Bh5 22. Nc3 Ne7 23. f4 a6 24. Rg1 Bf7 25. Bf3 Ng6 26. Nd5 Qd8 27. Rcf1 exf4 28.
exf4 Bxa1 29. Rxa1 Kh7 30. Qb2 Bxd5 31. Bxd5 Re3 32. Qf2 Rfe8 33. Be4 R8xe4 34.
dxe4 gxf4 35. exf5 Ne5 36. gxf4 Qe8 37. Rae1 Rxe1 38. Rxe1 Nf3+ 39. Qxf3 Qxe1
40. Qxb7+ Kg8 41. Qg2+ Kf8 42. f6 Ke8 43. Qg8+ Kd7 44. Qg7+ Kc8 45. Qf8+ 1-0

[Event "DEM U18 2011"]
[Site "Oberhof GER"]
[Date "2011.06.13"]
[Round "3"]
[White "Kahleys, Kevin"]
[Black "Wittke, Rene"]
[Result "1-0"]
[Termination "normal"]
[Board "9"]
[WhiteElo "2148"]
[BlackElo "2033"]
[PlyCount "87"]
[WhiteFideId "24669601"]
[BlackFideId "24640255"]
[EventCountry "GER"]
[EventRounds "9"]
[EventType "swiss"]
[EventDate "2011.06.11"]

1. d4 d5 2. c4 e6 3. cxd5 exd5 4. Nc3 c6 5. Qc2 Bd6 6. a3 h6 7. e3 Nf6 8. Bd3
O-O 9. Nge2 Re8 10. h3 Nbd7 11. O-O Nf8 12. Bd2 b6 13. f3 Bb7 14. e4 Bc7 15. e5
N6d7 16. b4 a6 17. Rac1 c5 18. bxc5 bxc5 19. Na4 Rc8 20. Rb1 Bc6 21. Nxc5 Nxc5
22. Qxc5 Bb5 23. Bxb5 Bb6 24. Qxc8 Qxc8 25. Bxe8 Qc2 26. Rxb6 Qxd2 27. Kf2 Ne6
28. Rxe6 fxe6 29. Bg6 Qg5 30. Bd3 Qh4+ 31. Ke3 Qe7 32. Bxa6 Qxa3+ 33. Bd3 g5
34. Rc1 Qe7 35. Rc8+ Kg7 36. g4 Qa7 37. f4 gxf4+ 38. Nxf4 Qa5 39. Nxe6+ Kf7 40.
Rc7+ Kg8 41. Rc1 Kf7 42. Nf4 Qa3 43. Rc7+ Ke8 44. e6 1-0

[Event "DEM U18 2011"]
[Site "Oberhof GER"]
[Date "2011.06.13"]
[Round "3"]
[White "Gruber, Roland"]
[Black "Günnigmann, Manuel"]
[Result "1/2-1/2"]
[Termination "normal"]
[Board "10"]
[WhiteElo "1882"]
[BlackElo "2205"]
[PlyCount "79"]
[WhiteFideId "1270975"]
[BlackFideId "24640360"]
[EventCountry "GER"]
[EventRounds "9"]
[EventType "swiss"]
[EventDate "2011.06.11"]

1. d4 Nf6 2. Nf3 g6 3. Bf4 Bg7 4. e3 O-O 5. h3 d6 6. Be2 Nbd7 7. O-O c5 8. c3
b6 9. Nbd2 Bb7 10. a4 a6 11. Bh2 Ra7 12. Nc4 Qa8 13. b4 Ne4 14. Qb3 Bd5 15. Qa3
Rc8 16. Rfc1 cxd4 17. cxd4 Rac7 18. Qb3 Qb7 19. b5 a5 20. Rc2 Ndc5 21. Qa3 Ne6
22. Rac1 f5 23. Qb3 g5 24. Qd3 f4 25. Ne1 Nf6 26. Nd2 fxe3 27. fxe3 Ne4 28. Bg4
Rxc2 29. Rxc2 Rxc2 30. Qxc2 Nxd2 31. Qxd2 Nd8 32. Qc1 Nf7 33. Bc8 Qb8 34. Bd7
Nd8 35. Nf3 h6 36. Kf2 Qb7 37. Bc8 Qb8 38. Bd7 Qb7 39. Bc8 Qb8 40. Bd7 1/2-1/2

[Event "DEM U18 2011"]
[Site "Oberhof GER"]
[Date "2011.06.13"]
[Round "3"]
[White "Raum, Sebastian"]
[Black "Cremer, Jan Paul"]
[Result "1-0"]
[Termination "normal"]
[Board "11"]
[WhiteElo "2076"]
[BlackElo "2026"]
[PlyCount "47"]
[WhiteFideId "24673935"]
[BlackFideId "24686115"]
[EventCountry "GER"]
[EventRounds "9"]
[EventType "swiss"]
[EventDate "2011.06.11"]

1. e4 c5 2. Nf3 d6 3. d4 cxd4 4. Nxd4 Nf6 5. Nc3 a6 6. Be3 e5 7. Nb3 Be6 8. Qd2
Be7 9. O-O-O O-O 10. f4 b5 11. f5 Bc8 12. g4 Bb7 13. g5 Nxe4 14. Nxe4 Bxe4 15.
Bg2 d5 16. f6 Bb4 17. c3 Qc7 18. Bxe4 dxe4 19. Kb1 Ba5 20. Nxa5 Qxa5 21. Qd5
Nd7 22. Qxd7 Rac8 23. Qd6 Rc4 24. Bb6 1-0

[Event "DEM U18 2011"]
[Site "Oberhof GER"]
[Date "2011.06.13"]
[Round "3"]
[White "Wendling, Florian"]
[Black "Bluma, Marcel"]
[Result "1-0"]
[Termination "normal"]
[Board "12"]
[WhiteElo "1966"]
[BlackElo "2099"]
[PlyCount "109"]
[WhiteFideId "24640212"]
[BlackFideId "1270526"]
[EventCountry "GER"]
[EventRounds "9"]
[EventType "swiss"]
[EventDate "2011.06.11"]

1. e4 c5 2. Nf3 e6 3. d4 cxd4 4. Nxd4 a6 5. c4 Bc5 6. Nb3 Ba7 7. Be2 Nc6 8. Nc3
Nge7 9. O-O O-O 10. Bg5 d6 11. Qd2 e5 12. Nd5 f6 13. Be3 Be6 14. Rfd1 Bxd5 15.
exd5 Bxe3 16. fxe3 Na7 17. c5 b6 18. c6 Nac8 19. a4 f5 20. Rac1 Ra7 21. Qc3 Ng6
22. Nd2 Qg5 23. Nf3 Qh6 24. Bf1 Rff7 25. Qe1 Nge7 26. Bc4 Ng6 27. Qe2 a5 28.
Rb1 f4 29. e4 Rac7 30. b4 axb4 31. Rxb4 Qh5 32. Rdb1 Nge7 33. a5 bxa5 34. Rb7
Nf5 35. exf5 Qxf5 36. Bd3 Qf6 37. Rxc7 Rxc7 38. Rb7 Qe7 39. Qe4 g6 40. Ba6 Kg7
41. Nd2 Kh6 42. Qa4 Rxb7 43. cxb7 Nb6 44. Qc6 Qd8 45. Nc4 Nxc4 46. Bxc4 f3 47.
Bd3 Qg5 48. Qc2 Qe3+ 49. Qf2 Qc1+ 50. Bf1 Qb1 51. Qh4+ Kg7 52. Qe7+ Kh6 53.
Qf8+ Kg5 54. b8=Q f2+ 55. Kxf2 1-0

[Event "DEM U18 2011"]
[Site "Oberhof GER"]
[Date "2011.06.13"]
[Round "3"]
[White "Müller, Tobias"]
[Black "Theurich, Joel"]
[Result "1-0"]
[Termination "normal"]
[Board "13"]
[WhiteElo "2118"]
[BlackElo "1511"]
[PlyCount "53"]
[WhiteFideId "24643394"]
[BlackFideId "12930393"]
[EventCountry "GER"]
[EventRounds "9"]
[EventType "swiss"]
[EventDate "2011.06.11"]

1. c4 e6 2. g3 Nf6 3. Bg2 d5 4. Nf3 Be7 5. O-O O-O 6. b3 c5 7. e3 Nc6 8. Bb2 d4
9. exd4 cxd4 10. Re1 Ne8 11. d3 f6 12. Nbd2 e5 13. Nh4 g5 14. Bd5+ Kg7 15. Ng2
Nb4 16. Be4 f5 17. a3 fxe4 18. axb4 exd3 19. Rxe5 Bxb4 20. Rd5 Qe7 21. Bxd4+
Kg8 22. Ne4 Qxe4 23. Rxg5+ Kf7 24. Qh5+ Qg6 25. Rxg6 hxg6 26. Qd5+ Ke7 27. Nh4
1-0

[Event "DEM U18 2011"]
[Site "Oberhof GER"]
[Date "2011.06.13"]
[Round "3"]
[White "Hahn, Markus"]
[Black "Künstler, Christian"]
[Result "1/2-1/2"]
[Termination "normal"]
[Board "14"]
[WhiteElo "2108"]
[BlackElo "2060"]
[PlyCount "49"]
[WhiteFideId "24654647"]
[BlackFideId "24602361"]
[EventCountry "GER"]
[EventRounds "9"]
[EventType "swiss"]
[EventDate "2011.06.11"]

1. d4 Nf6 2. c4 e6 3. Nf3 d5 4. g3 c6 5. Bg2 Nbd7 6. Qc2 Be7 7. O-O O-O 8. Nbd2
b6 9. e4 Ba6 10. b3 Rc8 11. Bb2 c5 12. exd5 exd5 13. Qf5 g6 14. Qh3 Re8 15.
Rfe1 Bb7 16. Rad1 Qc7 17. Ne5 Rcd8 18. Nxd7 Nxd7 19. cxd5 cxd4 20. Nc4 Bf6 21.
Qg4 Rxe1+ 22. Rxe1 b5 23. d6 Qb8 24. Bxb7 bxc4 25. Bc6 1/2-1/2

[Event "DEM U18 2011"]
[Site "Oberhof GER"]
[Date "2011.06.13"]
[Round "3"]
[White "Müller, Richard"]
[Black "Frank, Christian"]
[Result "1-0"]
[Termination "normal"]
[Board "15"]
[WhiteElo "2032"]
[BlackElo "2043"]
[PlyCount "89"]
[WhiteFideId "24647128"]
[BlackFideId "24658324"]
[EventCountry "GER"]
[EventRounds "9"]
[EventType "swiss"]
[EventDate "2011.06.11"]

1. d4 Nf6 2. c4 e6 3. Nc3 Bb4 4. e3 O-O 5. Nf3 d5 6. a3 Bxc3+ 7. bxc3 b6 8. Qc2
Ba6 9. Ne5 Nfd7 10. Nxd7 Qxd7 11. Bd3 Bxc4 12. Bxh7+ Kh8 13. Bd3 Qb5 14. Ke2
Nc6 15. a4 Qa6 16. Ba3 Rfe8 17. Bb4 e5 18. Kd2 e4 19. Bxc4 Qxc4 20. Rhb1 Nd8
21. Qa2 Qd3+ 22. Ke1 c6 23. Rd1 Qa6 24. Qe2 Qxe2+ 25. Kxe2 Ne6 26. Bd6 Red8 27.
Bg3 Rac8 28. Rdb1 Rd7 29. Kd2 c5 30. a5 cxd4 31. cxd4 Rb7 32. Rb5 Rd8 33. axb6
axb6 34. Rab1 Rdd7 35. f3 f5 36. Rxb6 Rxb6 37. Rxb6 Ng5 38. h4 Nf7 39. fxe4
fxe4 40. Bf4 Kh7 41. Kc3 Kg8 42. Kb4 Kf8 43. Re6 Rd8 44. Kc5 Rd7 45. Bd6+ 1-0

[Event "DEM U18 2011"]
[Site "Oberhof GER"]
[Date "2011.06.14"]
[Round "4"]
[White "Donchenko, Alexander"]
[Black "Kotainy, Jens"]
[Result "0-1"]
[Termination "normal"]
[Board "3"]
[BlackTitle "FM"]
[WhiteElo "2239"]
[BlackElo "2415"]
[PlyCount "106"]
[WhiteFideId "24603295"]
[BlackFideId "24670499"]
[EventCountry "GER"]
[EventRounds "9"]
[EventType "swiss"]
[EventDate "2011.06.11"]

1. d4 Nf6 2. Nf3 c5 3. c4 cxd4 4. Nxd4 e5 5. Nb5 d5 6. cxd5 Bc5 7. N5c3 O-O 8.
e3 e4 9. Nd2 Qe7 10. a3 Rd8 11. b4 Bd6 12. Nc4 Bc7 13. Qb3 a6 14. a4 Bf5 15.
Ba3 Nbd7 16. Rd1 Bd6 17. a5 Rac8 18. Na4 Ng4 19. Be2 Nge5 20. Nab2 Qf6 21. Nxd6
Qxd6 22. O-O Qg6 23. Kh1 Nf6 24. Nc4 Nd3 25. Bb2 Nxd5 26. Ne5 Qd6 27. Nxd3 exd3
28. Bxd3 Bxd3 29. Rxd3 Qxb4 30. e4 Qxe4 31. Rfd1 Re8 32. h3 Nf4 33. Rg3 Ng6 34.
Rf3 Qe6 35. Qxe6 Rxe6 36. Rd7 Re7 37. Rc3 Rb8 38. Rd2 h6 39. Ba3 Re1+ 40. Kh2
Rb1 41. Rc7 Rb5 42. Rdd7 Rf5 43. g4 Rxf2+ 44. Kg3 Rf1 45. Kg2 Rf4 46. Bc1 Rf6
47. Bb2 Nh4+ 48. Kh2 Rf2+ 49. Kg3 Rf3+ 50. Kh2 Re8 51. Rd2 Ree3 52. Bd4 Rxh3+
53. Kg1 Reg3+ 0-1

[Event "DEM U18 2011"]
[Site "Oberhof GER"]
[Date "2011.06.14"]
[Round "4"]
[White "Svane, Rasmus"]
[Black "Kahleys, Kevin"]
[Result "1-0"]
[Termination "normal"]
[Board "4"]
[WhiteElo "2297"]
[BlackElo "2148"]
[PlyCount "67"]
[WhiteFideId "4657101"]
[BlackFideId "24669601"]
[EventCountry "GER"]
[EventRounds "9"]
[EventType "swiss"]
[EventDate "2011.06.11"]

1. d4 e6 2. c4 Bb4+ 3. Nc3 c5 4. Nf3 cxd4 5. Nxd4 Nf6 6. g3 Nc6 7. Bg2 Qb6 8.
Nb3 Ne5 9. Be3 Qc7 10. c5 Bxc3+ 11. bxc3 Nc4 12. Bf4 e5 13. Bg5 Rb8 14. O-O b6
15. Qd3 b5 16. Bxf6 gxf6 17. Bd5 Bb7 18. e4 Na5 19. Qf3 Ke7 20. Nxa5 Qxa5 21.
Rad1 h5 22. Bxb7 Rxb7 23. Rd6 Rh6 24. Qd3 Qc7 25. Qd5 Rh8 26. Rd1 Rc8 27. Rd3
a5 28. Rxf6 Qxc5 29. Qxf7+ Kd8 30. Rfd6 Qa7 31. Qf6+ Kc7 32. Qxe5 Kd8 33. Re6
d6 34. Re8+ 1-0